000 00951nam a2200301Ia 4500
001 Z_2308
003 CHAP
008 220113s1993 xx 000 0 und d
010 _a165365
040 _cCHAP
090 _aTesis M 817
100 _aMena Enríquez, Edgar Epifanio
_974525
245 _aEfecto de dos niveles de suplementación con zinc sobre la incidencia de mastitis subclínica en vacas lecheras /
_cpor Edgar Epifanio Mena Enríquez
260 _aChapingo, Méx. :
_bEl autor,
_c1993
300 _a73 h.
502 _aTesis (Ing. Agr. Esp. en Zootecnia) -- UACH. Departamento de Zootecnia
650 _aGanado Holstein
_945133
650 _aGanado lechero
_xAlimentación
_945238
650 _aGanado lechero
_xEnfermedades
_945260
650 _aMastitis
_972847
650 _aZinc en nutrición animal
_9124068
901 _aTESIS M 817
902 _aM
910 _a1993
942 _c2
942 _c2
999 _c165365
_d165365